| 000 | 00541nam a22001817a 4500 | ||
|---|---|---|---|
| 005 | 20231130061424.0 | ||
| 008 | 231130b |||||||| |||| 00| 0 eng d | ||
| 020 | _a0702133167 | ||
| 041 | _aEnglish | ||
| 082 | _a340 GEN | ||
| 100 | _lEnglish | ||
| 245 |
_aGender and the New South African Legal Order / _cedited by C Murray |
||
| 250 | _aFirst Edition | ||
| 260 |
_aCape Town : _bJuta and Company Ltd, _c1994 |
||
| 300 |
_b255 pages ; _c24 cm. |
||
| 650 |
_aLegal practice _bLaw |
||
| 942 |
_cBK _6ALISON_BN_VRIES |
||
| 999 |
_c1066 _d1066 |
||